Tiší buřiči Boží : o velkých světcích křesťanství / Christian Feldmann ; grafická úprava J. Svoboda
Record details
- Physical Description: 226 s. ; 21 cm
- Publisher: Nové Město nad Metují : Signum unitatis ; 1991
Content descriptions
| General Note: | 5000 výt. |
Search for related items by subject
| Genre: | biografie |
Available copies
- 1 of 1 copy available at Common Catalog SPOK.
Holds
- 0 current holds with 1 total copy.
Show Only Available Copies
| Location | Call Number / Copy Notes | Barcode | Shelving Location | Status | Due Date |
|---|---|---|---|---|---|
| KDS Library | 2:929 FeCH | 204576803184 | Library | Available | - |
| LDR | 01057nam a2200313 4500 | ||
|---|---|---|---|
| 001 | 22546 | ||
| 003 | CZ-PrJAB | ||
| 005 | 20150723090431.0 | ||
| 007 | tu | ||
| 008 | 920924s1991 xr u0|0 cze | ||
| 015 | . | ‡acnb000067276 | |
| 020 | . | ‡q(Brož.) | |
| 035 | . | ‡a(CZ PrNK)ck9202643 | |
| 035 | . | ‡a(OCoLC)39585681 | |
| 040 | . | ‡aABA001 ‡bcze ‡dABA001 | |
| 041 | 1 | . | ‡acze ‡hger |
| 080 | . | ‡a929 ‡2undef | |
| 080 | . | ‡a23/28 ‡2undef | |
| 080 | . | ‡a235:929(049) ‡2undef | |
| 080 | . | ‡a929:235(049) ‡2undef | |
| 100 | 1 | . | ‡aFeldmann, Christian, ‡d1950- ‡7xx0018971 ‡4aut |
| 245 | 1 | 0. | ‡aTiší buřiči Boží : ‡bo velkých světcích křesťanství / ‡cChristian Feldmann ; grafická úprava J. Svoboda |
| 260 | . | ‡aNové Město nad Metují : ‡bSignum unitatis ; ‡aHradec Králové : ‡bTMG, ‡c1991 ‡e(Havlíčkův Brod : ‡fVýchodočes. tiskárny 4) | |
| 300 | . | ‡a226 s. ; ‡c21 cm | |
| 500 | . | ‡a5000 výt. | |
| 655 | 7. | ‡abiografie ‡7fd131909 ‡2czenas | |
| 765 | 0 | . | ‡tGottes Sanfte Rebellen Herder ‡9Česky |
| 910 | . | ‡aABE463 | |
| 964 | . | ‡aSvětci křesťanští - život a působení - životopisy | |
| 998 | . | ‡a000067276 | |
| 901 | . | ‡a22546 ‡b ‡c22546 ‡tbiblio | |